| 000 | 01032cab a2200385 4500 | ||
|---|---|---|---|
| 001 | ABS56322 | ||
| 008 | 090401t1996 xxu||||| |||| 00| 0 eng d | ||
| 035 | _a(Sirsi) u22849 | ||
| 041 | _aeng | ||
| 245 | _aNorth London | ||
| 260 | _c1996 | ||
| 350 | _a0 | ||
| 490 |
_aProperty Week _v57(10) 6 December 1996, 44-53(6) |
||
| 650 | _aBARKING | ||
| 650 | _aBARNET | ||
| 650 | _aEALING | ||
| 650 | _aENFIELD | ||
| 650 | _aHARROW | ||
| 650 | _aHAVERING | ||
| 650 | _aHILLINGDON | ||
| 650 | _aILFORD | ||
| 650 | _aINDUSTRIAL MARKET | ||
| 650 | _aLEISURE DEVELOPMENT | ||
| 650 | _aMIXED LEISURE SCHEMES | ||
| 650 | _aNORTH LONDON | ||
| 650 | _aPROPERTY-COMMERCIAL PROPERTY-OFFICE PROPERTY-OFFICE PROPERTY MARKET | ||
| 650 | _aPARK ROYAL | ||
| 650 | _aREDBRIDGE | ||
| 650 | _aPROPERTY-COMMERCIAL PROPERTY-RETAIL PROPERTY-RETAIL PROPERTY MARKET | ||
| 650 | _aRETAIL RENTS | ||
| 650 | _aROMFORD | ||
| 690 | _aPROPERTY-COMMERCIAL PROPERTY-COMMERCIAL PROPERTY MARKET | ||
| 942 | _n0 | ||
| 948 | _c04/03/1997 | ||
| 999 |
_c15318 _d15318 |
||